| 000 | 00745nam a22002657a 4500 | ||
|---|---|---|---|
| 001 | 8820 | ||
| 003 | FISKH | ||
| 005 | 20251208140613.0 | ||
| 008 | 251022b cb ||||| |||| 00| 0 eng d | ||
| 020 | _a9780439662130 | ||
| 040 |
_aFISKH _beng _cFISKH _dFISKH |
||
| 050 | _aQL791 .Z85 | ||
| 082 | _a808.883 | ||
| 100 |
_aZullo, Allan _eAuthor |
||
| 245 |
_aTrue tales of animal heroes / _cAllan Zullo |
||
| 260 |
_aNew York : _bScholastic , _c1998 |
||
| 300 |
_a93 pages : _billustrations ; _c20 cm |
||
| 505 | _aR | ||
| 520 | _aPresents several tales involving a variety of animal heroes. | ||
| 521 | 8 |
_a780
_bLexile |
|
| 521 | 8 |
_aR
_bRaz-Plus |
|
| 650 |
_aAnimal heroes _vAnimal stories |
||
| 942 |
_2ddc _cBK _n0 |
||
| 999 |
_c8820 _d8820 |
||